Pays qui comptent le plus d'animaux menacés - Statistiques

Statistiques générales
  • Ce quiz a été pris 121 fois
  • Le résultat moyen est 7 sur 10
Statistiques - réponses
Espèces menacées Pays % Correct
475 États-Unis
90%
435 Chine
89%
413 Brésil
86%
542 Inde
79%
665 Mexique
69%
583 Indonésie
65%
540 Colombie
63%
385 Pérou
63%
436 Équateur
45%
553 Madagascar
26%
Aucun quiz correspondant
Distribution des résultats
% des personnes avec chaque résultat
Percentile par nombre de réponses
Votre historique - résultats
Vous n’avez pas pris ce quiz